| 000 | 01129nam a22002297a 4500 | ||
|---|---|---|---|
| 005 | 20250728144645.0 | ||
| 008 | 250728b |||||||| |||| 00| 0 eng d | ||
| 020 | _a978-93-95472-80-7 (hbk) | ||
| 037 | _cTB | ||
| 040 |
_aCRL _cCRL |
||
| 041 |
_2hin _ahin |
||
| 084 |
_aY:351.2 152R4 _qCRL |
||
| 245 | _aपरंपराओं का लोक विमर्श | ||
| 260 |
_aनई दिल्ली, भारत: _bकिताबवाले, _c2024. |
||
| 300 | _a227पृ. | ||
| 650 |
_aसमाजशास्त्र _9816654 |
||
| 650 |
_aभारतीय - लोक साहित्य _9816655 |
||
| 700 |
_aकुठियाला, बृज किशोर _eसंपादक _9816656 |
||
| 700 |
_aआर्य, अमरेन्द्र कुमार _eसंपादक _9816657 |
||
| 942 |
_2CC _cTB _hY:351.2 152R4 _n0 |
||
| 999 |
_c1434333 _d1434333 |
||